Języki Państw Europy - Statystyki

Ogólne statystyki
  • Ten quiz został rozwiązany 91 razy
  • Średni wynik to 55 z 60
Statystyki odpowiedzi
Państwo Język % Poprawnych
Albania albański
98%
Kosowo albański
98%
Czechy czeski
98%
Belgia francuski
98%
Francja francuski
98%
Luksemburg francuski
98%
Monako francuski
98%
Szwajcaria francuski
98%
Hiszpania hiszpański
98%
Austria niemiecki
98%
niemiecki
98%
Liechtenstein niemiecki
98%
niemiecki
98%
Niemcy niemiecki
98%
niemiecki
98%
rosyjski
98%
Rosja rosyjski
98%
Irlandia angielski
97%
Malta angielski
97%
Wielka Brytania angielski
97%
chorwacki
97%
Chorwacja chorwacki
97%
Estonia estoński
97%
San Marino włoski
97%
włoski
97%
włoski
97%
Włochy włoski
97%
Bułgaria bułgarski
95%
Grecja grecki
95%
Polska polski
95%
Portugalia portugalski
95%
serbski
95%
serbski
95%
Serbia serbski
95%
Białoruś białoruski
94%
Dania duński
94%
Litwa litewski
94%
Norwegia norweski
94%
Mołdawia rumuński
94%
Rumunia rumuński
94%
Finlandia fiński
92%
Islandia islandzki
92%
Słowacja słowacki
92%
szwedzki
92%
Szwecja szwedzki
92%
Ukraina ukraiński
92%
Węgry węgierski
92%
irlandzki
90%
Łotwa łotewski
90%
Słowenia słoweński
90%
Macedonia Północna macedoński
89%
Czarnogóra czarnogórski
86%
maltański
84%
Bośnia i Hercegowina bośniacki
76%
niderlandzki
75%
Holandia niderlandzki
75%
Watykan łaciński
71%
luksemburski
68%
Andora kataloński
54%
romansz
19%
Nie znaleziono quizów pasujących do podanych kryteriów
Rozkład punktacji
Procent ludzi z każdym wynikiem
Percentyl według liczby udzielonych odpowiedzi
Twoja historia wyników
Nie rozwiązałeś tego quizu